Marketingová komunikace v první polovině 20. století (1906-1940)
Z histórie reklamy v Československu. Aké špecifické komunikačné prostriedky používala dobová maloobchodná reklama.
Salvato in:
| Autore principale: | |
|---|---|
| Natura: | Capitolo di libro |
| Lingua: | ceco |
| Soggetti: | |
| Tags: |
Nessun Tag, puoi essere il primo ad aggiungerne!!
|
MARC
| LEADER | 00000naa a2200000 4500 | ||
|---|---|---|---|
| 001 | 0229106 | ||
| 005 | 20220805075828.0 | ||
| 041 | 0 | |a cze | |
| 044 | |a CZ | ||
| 245 | 1 | 0 | |a Marketingová komunikace v první polovině 20. století (1906-1940) |c Dušan Pavlů |
| 520 | |a Z histórie reklamy v Československu. Aké špecifické komunikačné prostriedky používala dobová maloobchodná reklama. | ||
| 610 | 2 | 0 | |a reklama |
| 610 | 2 | 0 | |a história |
| 610 | 2 | 0 | |a komunikácia |
| 610 | 2 | 0 | |a Československo |
| 100 | 1 | |a Pavlů, Dušan | |